Регионална библиотека "Любен Каравелов" - Русе

Румънски народни приказки (Запис номер 148495)

MARC детайли
000 -Лидер
Контролно поле с фиксирана дължина nam a22 a 4500
003 - Код на организацията, давaща контролен номер
Контролно поле BLK
005 - Дата и час на последна редакция
Контролно поле 20230202174121.0
008 - Елементи от данни с фиксирана дължина
fixed length control field 180410b bul|||||r ||||||| ||bul||
010 ## - Наследен системен номер
LC control number KNG00154718000
040 ## - Източник на каталожния запис
Идентификатор на билиотеката - собственик на записа BLK
041 ## - Код за език
Код за езика на текст/звукозапис или на отделно заглавие Български
Код за езика КДБФ Български
080 ## - УДК
Текстов определител УДК Румънска литература
УДК код - определител по УДК 821.135.1
УДК определител -93-34
УДК - код + определител 821.135.1-93-34
139 ## - Редно поле
Редна дума Румънски народни приказки
Авторски знак Рум - Р 92
245 10 - Сведения за заглавието
Заглавие Румънски народни приказки
Подзаглавни данни За малки и големи
Редно поле (дума) състав. Йон Крянга; прев. от рум. Севда Костова; худож. Мария Илиева.
257 ## - Страна на издаване
Страна на създаване/издаване Румъния
260 ## - Област на издателските данни
Място на издаване, разпространение и проч. София
Име на издателя, разпространителя и проч. Лакрима
Година на издаване 1993
300 ## - Физическа характеристика
Страници 24 с.
Илюстрации и др. с цв. ил.
Размери/Мащаб 20х29 см
380 ## - Жанр
Жанр Детска худож. лит.
490 ## - СЕРИИ (Колекции)
Име на серия Поредица Приказки на балканските народи
9 (RLIN) 206995
500 ## - Общи забележки
Забележка Кор. опис. - Офс. изд. - 6500 тир.
700 1# - Други автори (авторска отговорност)
Лично име Крянга, Йон
Автороска отговорност (Описва отношението между автора и произведението) състав.
9 (RLIN) 85062
700 1# - Други автори (авторска отговорност)
Лично име Костова, Севда
Автороска отговорност (Описва отношението между автора и произведението) прев. от рум.
9 (RLIN) 380308
700 1# - Други автори (авторска отговорност)
Лично име Илиева, Мария
Автороска отговорност (Описва отношението между автора и произведението) худож.
Друга информация Иванова, Мария Илиева
9 (RLIN) 363450
852 ## - Местоположение
Форматна сигнатура Цб 265742
856 4# - Електронен адрес и достъп
Електронен формат pdf - файл
Инструкция (цена за достъп) 1.12
Права за достъп disable
856 4# - Електронен адрес и достъп
Електронен формат pdf - файл
Инструкция (цена за достъп) 1.12
Права за достъп disable
999 ## - СИСТЕМНИ КОНТРОЛНИ НОМЕРА
Koha biblionumber 148495
Koha biblioitemnumber 148495
942 ## - АРТИКУЛИ
Вид на библиотечния материал Книги
Скрит в OPAC Не
Koha issues (borrowed), all copies 1
Периодичен библиозапис Да
944 ## - СЪЗДАВАНЕ И РЕДАКЦИЯ на ЗАПИСА
Създаване/Редакция Създаване
Дата на регистрацията/редакция 13.12.2013
Статус, дата на статуса 13.12.2013 - от С1,Р / 13.12.2013
Служител, извършил регистрацията/редакцията Митко_Георгиев
944 ## - СЪЗДАВАНЕ И РЕДАКЦИЯ на ЗАПИСА
Създаване/Редакция Редакция
Дата на регистрацията/редакция 13.12.2013
Статус, дата на статуса 13.12.2013 - от С1,Р / 13.12.2013
999 ## - СИСТЕМНИ КОНТРОЛНИ НОМЕРА
Koha biblioitemnumber 148495
Наличности
Код за отписване Код за изгубен артикул Източник на класификационната схема Код за повреда Коз за рестрикции Код за отдаване Артикулен № Име на библиотеката - собственик Име на библиотеката, в която се намира в момента Статус (Текущо местоположение) Дата на вписване в системата Местоположение - отдел Цена в лева Инвентарен номер Систематично азбучна сигнатура Баркод Номер на екземпляра Цена в евро Служебна бележка Служебен тип на артикула Бележка за публиката
  Не е изгубен Universal Decimal Classification Не е повреден без рестрикции ползва се в читалня 247048 Регионална библиотека "Любен Каравелов" Русе Регионална библиотека "Любен Каравелов" Русе Хранилище 1993-01-01 Хранилище 0.56 584969 Цб 265742 120000584969 1 0.29 N: стар фонд Дата: 01.01.1993 Книги  
  Не е изгубен Universal Decimal Classification Не е повреден без рестрикции заемане за дома 247049 Регионална библиотека "Любен Каравелов" Русе Регионална библиотека "Любен Каравелов" Русе Детски отдел 1993-01-01 Детски отдел 0.56 584560 ДХ 820/899/Р 92 120000584560 2 0.29 N: стар фонд Дата: 01.01.1993 Дата инв: 14.08.2015 Бележки инв: Д2015 Книги  
Изтеглен Не е изгубен   Не е повреден без рестрикции заемане за дома 247050 Регионална библиотека "Любен Каравелов" Русе Регионална библиотека "Любен Каравелов" Русе   1993-01-01 Детски отдел 0.98 584561 ДХ 820/899/Р 92 584561 3 0.50 N: стар фонд Дата: 01.01.1993 Дата инв: 15.09.2015 Бележки инв: Д2015 Книги Отч.N: 47/2017 , Дата: 05.10.2017
Изтеглен Не е изгубен   Не е повреден без рестрикции заемане за дома 247051 Регионална библиотека "Любен Каравелов" Русе Регионална библиотека "Любен Каравелов" Русе   1993-01-01 Детски отдел 0.98 584562 ДХ 820/899/Р 92 584562 4 0.50 N: стар фонд Дата: 01.01.1993 Дата инв: 15.09.2015 Бележки инв: Д2015 Книги Отч.N: 47/2017 , Дата: 05.10.2017
Изтеглен Не е изгубен Universal Decimal Classification Не е повреден без рестрикции заемане за дома 247052 Регионална библиотека "Любен Каравелов" Русе Регионална библиотека "Любен Каравелов" Русе Подвързия, Комплектуване 1993-01-01 Детски отдел 1.15 584564 ДХ 820/899/Р 92 584564 5 0.59 N: стар фонд Дата: 01.01.1993 Дата инв: 14.08.2015 Бележки инв: Д2015 Книги  
Vip Innovations Ltd, Rousse, Bulgaria 2025